<?xml version="1.0" encoding="UTF-8"?>
<marc:record xmlns:marc="http://www.loc.gov/MARC21/slim">
   <marc:leader>00000nam a2200000 a 4500</marc:leader>
   <marc:datafield ind1="1" ind2=" " tag="100">
      <marc:subfield code="a">Aymans, Winfried</marc:subfield>
      <marc:subfield code="4">aut</marc:subfield>
      <marc:subfield code="e">Verfasser/-in</marc:subfield>
   </marc:datafield>
   <marc:datafield ind1=" " ind2=" " tag="653">
      <marc:subfield code="a">Softcover</marc:subfield>
   </marc:datafield>
   <marc:datafield ind1=" " ind2=" " tag="653">
      <marc:subfield code="a">Karte</marc:subfield>
   </marc:datafield>
   <marc:datafield ind1=" " ind2=" " tag="653">
      <marc:subfield code="a">Theologie / Christentum</marc:subfield>
   </marc:datafield>
   <marc:datafield ind1="0" ind2="0" tag="245">
      <marc:subfield code="a">Kanonisches Recht</marc:subfield>
   </marc:datafield>
   <marc:datafield ind1="0" ind2="0" tag="245">
      <marc:subfield code="c">Aymans ; Mörsdorf. Begr. von Eduard Eichmann. Fortgef. von Klaus Mörsdorf. Neu bearb. von Winfried Aymans und Ludger Müller** Winfried Aymans</marc:subfield>
   </marc:datafield>
   <marc:datafield ind1=" " ind2="1" tag="264">
      <marc:subfield code="a">Paderborn</marc:subfield>
      <marc:subfield code="b">Schöningh</marc:subfield>
      <marc:subfield code="c">2007</marc:subfield>
   </marc:datafield>
   <marc:datafield ind1="1" ind2=" " tag="520">
      <marc:subfield code="a">Angaben aus der Verlagsmeldung

Kanonisches Recht - Gebundene Ausgabe - : Verkündigungsdienst und Heiligungsdienst / von Winfried Aymans, Klaus Mörsdorf

Fortsetzung des in 13., völlig neu bearbeiteter Auflage des von Eduard Eichmann begründeten und von Klaus Mörsdorf fortgeführten "Lehrbuch des Kirchenrechts".
Der vorliegende 3. Band setzt die völlige Neubearbeitung des traditionsreichen und international anerkannten Standardwerks über das katholische Kirchenrecht fort.
Der 3. Band beweist erneut, dass das Gesamtwerk über die übliche Kommentierung hinaus bestrebt ist, ein System des kanonischen Rechts im theologischen Wesensverständnis der Kirche zu entwickeln.
Nachdem Band II die Struktur der Kirche als Communio behandelt hat, befasst sich der vorliegende Band III mit den wesentlichen Mitteln der kirchlichen Sendung in Wort und Sakrament. Es werden die Bücher 3 und 4 des Codex Iuris Canonici analysiert und systematisch zur Darstellung gebracht: der Verkündigungsdienst und der Heiligungsdienst der Kirche. Das Werk erschließt den Rechtsstoff nicht nur im Hinblick auf die Studierenden, sondern auch für die kirchliche Praxis in Gesetzgebung, Verwaltung und Rechtsprechung.
</marc:subfield>
   </marc:datafield>
   <marc:datafield ind1=" " ind2=" " tag="020">
      <marc:subfield code="a">9783506704931</marc:subfield>
      <marc:subfield code="9">9783506704931</marc:subfield>
   </marc:datafield>
   <marc:datafield ind1=" " ind2=" " tag="020">
      <marc:subfield code="a">3506704834</marc:subfield>
      <marc:subfield code="9">3506704834</marc:subfield>
   </marc:datafield>
   <marc:datafield ind1=" " ind2=" " tag="041">
      <marc:subfield code="a">ger</marc:subfield>
   </marc:datafield>
   <marc:datafield ind1=" " ind2=" " tag="300">
      <marc:subfield code="a">XIX, 613 S.</marc:subfield>
   </marc:datafield>
</marc:record>
